Entry Personal Name
Number of records used in: 1
001 - CONTROL NUMBER
003 - CONTROL NUMBER IDENTIFIER
005 - DATE AND TIME OF LATEST TRANSACTION
- control field:
20220919131729.0
008 - FIXED-LENGTH DATA ELEMENTS
- fixed length control field:
810909n| azannaabn |a aaa
010 ## - LIBRARY OF CONGRESS CONTROL NUMBER
- LC control number:
n 81099534
- Canceled/invalid LC control number:
ns2012003335
016 ## - NATIONAL BIBLIOGRAPHIC AGENCY CONTROL NUMBER
- Record control number:
1030B0757E
035 ## - SYSTEM CONTROL NUMBER
- System control number:
(OCoLC)oca00644666
040 ## - CATALOGING SOURCE
- Original cataloging agency:
DLC
- Language of cataloging:
eng
- Description conventions:
rda
- Transcribing agency:
DLC
- Modifying agency:
DLC
- Modifying agency:
IEN
- Modifying agency:
DLC
- Modifying agency:
DNLM
- Modifying agency:
CaOONL
042 ## - AUTHENTICATION CODE
100 1# - HEADING--PERSONAL NAME
- Personal name:
Quick, James C.
370 ## - ASSOCIATED PLACE
- Associated country:
United States
- Source of term:
naf
373 ## - ASSOCIATED GROUP
- Associated group:
University of Texas at Arlington
- Source of term:
naf
377 ## - ASSOCIATED LANGUAGE
378 ## - FULLER FORM OF PERSONAL NAME
- Fuller form of personal name:
James Campbell
400 1# - SEE FROM TRACING--PERSONAL NAME
- Personal name:
Quick, Jim
- Fuller form of name:
(Jim C.)
400 1# - SEE FROM TRACING--PERSONAL NAME
- Personal name:
Quick, James Campbell
670 ## - SOURCE DATA FOUND
- Source citation:
Basic management, 1981:
- Information found:
t.p. (James C. Quick; Dept. of Management, University of Texas, at Arlington) p. ix (Jim Quick)
670 ## - SOURCE DATA FOUND
- Source citation:
Career stress in changing times, c1990:
- Information found:
CIP t.p. (James Campbell Quick)
670 ## - SOURCE DATA FOUND
- Source citation:
ORGB, 2019:
- Information found:
CIP cover (Quick) LAC CIP application (James Campbell Quick; American)